| 000 | 00490nam a22001937a 4500 | ||
|---|---|---|---|
| 003 | NUST | ||
| 005 | 20211012135442.0 | ||
| 008 | 191125b ||||| |||| 00| 0 eng d | ||
| 020 | _a8120343093 | ||
| 024 | _a978-8120343092 | ||
| 038 | _aMSOHAIL | ||
| 082 |
_a624.171 _bDAS |
||
| 100 |
_aMadan Mohan Das Bhargab Mohan Das _926110 |
||
| 245 | _aStructural Analysis | ||
| 260 |
_aIndia _bPrentice Hall of India Private Ltd _cc2011 |
||
| 300 | _ap;326 | ||
| 563 | _aHB | ||
| 942 |
_2ddc _cBK |
||
| 999 |
_c532531 _d532531 |
||